000 00435cam a2200181ua 4500
001 909
008 110423n ii |||gr||||Z||||||eng
040 _cMAIN
082 _a340.53
245 1 _aElements of ancient law.
_cBy D Pathak.
250 _a1st.
260 _aGowahati.:
_bP M Pathak.,969.
300 _a112 p.:2 cm.
653 _aPolitical science.
653 _aElements of ancient law.
700 _aPathak, D.,
942 _cBK
999 _c832
_d832